| 000 | 01196 a2200349 4500 | ||
|---|---|---|---|
| 005 | 20250708070156.0 | ||
| 020 | _a9780702085130 | ||
| 050 | 0 | 0 |
_aRG101 _bCLI 2023 |
| 245 | 0 | 0 |
_aClinical obstetrics & gynaecology / _cedited Layden,Elizabeth, Thomson Andrew ; Owe Philip , Madhra Mayanak and Magowan Brian A |
| 250 | _afifth edition | ||
| 264 | 1 |
_aEdinburgh ; _aNew York : _bSaunders/Elsevier, _c2004 |
|
| 300 |
_a546 pages _billustrations |
||
| 336 |
_atext _2rdacontent _btxt |
||
| 337 |
_aunmediated _2rdamedia _bn |
||
| 338 |
_avolume _2rdacarrier _bnc |
||
| 500 | _aPrevious edition: 2009. | ||
| 500 | _aIncludes index. | ||
| 650 | 0 | _aGynecology. | |
| 650 | 0 | _aObstetrics. | |
| 650 | 1 | 2 | _aObstetrics. |
| 650 | 2 | 2 | _aGenital Diseases, Female. |
| 650 | 2 | 2 | _aPregnancy Complications. |
| 650 | 2 | 2 | _aPregnancy. |
| 650 | 7 | _aGynecology. | |
| 650 | 7 | _aObstetrics. | |
| 700 | 1 |
_aMagowan, Brian, _eeditor. |
|
| 700 | 1 |
_aOwen, Philip, _d1962- _eeditor. |
|
| 700 | 1 |
_aThomson, Andrew J. _q(Andrew John), _eeditor. |
|
| 942 |
_2lcc _cBK _efifth _h101 _iCLI _kRG |
||
| 999 |
_c11390 _d11390 |
||